[Event "Rimouski op"]
[Site "Rimouski"]
[Date "2003.05.17"]
[Round "3"]
[White "Leclerc, Mathieu"]
[Black "Beaulieu, Stephane"]
[Result "0-1"]
[WhiteElo "1373"]
[BlackElo "1410"]
[PlyCount "80"]
[EventDate "2003.05.??"]
[EventType "swiss"]
[EventRounds "5"]
[EventCountry "CAN"]
[SourceTitle "EXT 2006"]
[Source "ChessBase"]
[SourceDate "2005.11.24"]
[SourceVersion "1"]
[SourceVersionDate "2005.11.24"]
[SourceQuality "1"]

1. e4 e5 2. Nf3 Nc6 3. Bb5 a6 4. Ba4 Nf6 5. 0-0 Be7 6. Re1 b5 7. Bb3 0-0 8. c3 Na5 9. Nxe5 Nxb3 10. axb3 Bb7 11. d3 d5 12. exd5 Bxd5 13. Bg5 Bd6 14. b4 Re8 15. f4 Qc8 16. Bxf6 gxf6 17. Nf3 Rxe1+ 18. Qxe1 Bxf4 19. Qf2 Qf5 20. d4 Re8 21. Kh1 Bxf3 22. gxf3 Qh3 23. Na3 Re3 24. Qg2+ Qxg2+ 25. Kxg2 Re2+ 26. Kh3 f5 27. Rg1+ Kf8 28. Rg2 Rxg2 29. Kxg2 Bc1 30. c4 c6 31. cxb5 axb5 32. Nc2 Ke7 33. b3 Kd6 34. Kf2 Kd5 35. Ke2 f4 36. Kd3 Bb2 37. Ke2 Bxd4 38. Nxd4 Kxd4 39. Kd2 h6 40. h3 h5 0-1